00285nam a22000977a 4500008004100000082001500041100002100056245006000077260003500137300001500172230703b xxu||||| |||| 00| 0 eng d a352.6bHOC cHouse of Commons aManual of Allowances and ServicesbVolume 1- Allowances aCanadabHouse of Commonsc1993 aNo Panging